00501cam a22002051 4500001001300000003000400013005001700017008004100034010001700075035002000092040001800112042001200130050001800142100004600160245002500206260001400231300001900245500001400264999001700278sa 66007917 DLC20260227112308.0890421s1963 ii 000 0 hino  asa 66007917  a(OCoLC)19581192 aDLCcWaUdDLC apremarc00aPK2098.V4bK81 aVarmā, Vr̥ndāvanalāla,d1890-1969.10aKuṇḍalī-cakra. c[1963/64] a250 p.c19 cm. aIn Hindi. c71499d71499